Breve historia del movimiento obrero en Honduras

Shranjeno v:
Bibliografske podrobnosti
Format: Texto
Izdano: s.n.t. :
Oznake: Označite
Brez oznak, prvi označite!

MARC

LEADER 00000 a a2200000 04500
001 15889
003
040 |a CRAI/IIS  |c CRAI/IIS 
090 |a 016000  
245 |a Breve historia del movimiento obrero en Honduras  
260 |a s.n.t. :  
300 |a 139; 9 p.  
999 |c 2894  |d 2894